[Event "URS Army-ch"]
[Site "Odessa"]
[Date "1991.??.??"]
[Round "?"]
[White "Nenashev, Alexander"]
[Black "Savchenko, Stanislav"]
[Result "1/2-1/2"]
[WhiteElo "2415"]
[BlackElo "2475"]

1.d4 f5 2.g3 Nf6 3.Bg2 g6 4.Nf3 Bg7 5.O-O O-O 6.c4 d6 7.Nc3 Nc6 8.b3 Ne4
9.Bb2 Nxc3 10.Bxc3 Qe8 11.b4 e5 12.b5 Nd8 13.dxe5 dxe5 14.Qd2 e4 15.Bxg7 Kxg7
16.Qc3+ Kg8 17.Nd4 Qe5 18.e3 Be6 19.f3 exf3 20.Bxf3 Bf7 21.Rfc1 Re8 22.Kf2 Rc8
23.a4 c6 24.a5 Qe7 25.a6 cxb5 26.axb7 Nxb7 27.Rxa7 Rxc4 28.Qd2 Rxc1 29.Qxc1 Nc5
30.Rxe7 Nd3+ 31.Kg2 Nxc1 32.Rb7 Nd3 33.Rxb5 Rxe3 34.h4 Re8 35.h5 Rd8 36.hxg6 hxg6
37.Nc6 Rd6 38.Ne5 Nxe5 39.Rxe5 Kg7 40.g4 f4 41.g5  1/2-1/2

[Event "URS Army-ch"]
[Site "Odessa"]
[Date "1991.??.??"]
[Round "?"]
[White "Deuch, Y."]
[Black "Gusev, Vladimir A"]
[Result "1/2-1/2"]
[WhiteElo "2300"]
[BlackElo "2345"]

1.Nf3 f5 2.g3 Nf6 3.Bg2 g6 4.O-O Bg7 5.d4 O-O 6.c4 d6 7.Nc3 c6 8.b3 a5 9.Bb2 Ne4
10.Nxe4 fxe4 11.Ne1 d5 12.Nc2 Be6 13.Ne3 Bh6 14.Qd2 Nd7 15.cxd5 cxd5 16.f4 exf3
17.exf3 Nf6 18.Rfe1 Qd7 19.Qe2 Rfc8 20.Nd1 Ra6 21.Nf2 Bf5 22.Nd3 Bxd3 23.Qxd3 Rac6
24.Re2 Bc1 25.Bxc1 Rxc1+ 26.Rxc1 Rxc1+ 27.Kf2 Kf7 28.Qe3 Rc7 29.Qh6 Rc6 30.Bh3 Qc7
31.Qe3 Rc2 32.Be6+ Kg7 33.Qd3 Rc1 34.Qe3 b6 35.Bh3 Kf7 36.Be6+ Kg7 37.Bh3 Rc2
38.Rxc2 Qxc2+ 39.Qe2 Qxe2+ 40.Kxe2 Kf7 41.Kd3  1/2-1/2

[Event "URS Army-ch"]
[Site "Odessa"]
[Date "1991.??.??"]
[Round "?"]
[White "Podgaets, Mikhail"]
[Black "Legky, Nikolay A"]
[Result "1/2-1/2"]
[WhiteElo "2450"]
[BlackElo "2400"]

1.d4 f5 2.Nf3 Nf6 3.g3 g6 4.Bg2 Bg7 5.c4 O-O 6.O-O d6 7.Nc3 c6 8.b3 e5 9.dxe5 dxe5
10.Ba3 Qxd1 11.Raxd1 Re8 12.e4 f4 13.Bd6 Bg4 14.gxf4 exf4 15.h3  1/2-1/2

[Event "Oslo Elitecup"]
[Site "Oslo"]
[Date "1991.??.??"]
[Round "6"]
[White "Ogaard, Leif"]
[Black "Haugli, Petter"]
[Result "0-1"]
[WhiteElo "2415"]
[BlackElo "2390"]

1.d4 f5 2.g3 Nf6 3.Bg2 g6 4.c4 Bg7 5.Nf3 O-O 6.O-O d6 7.Nc3 Qe8 8.b3 e5 9.dxe5 dxe5
10.e4 Nc6 11.Re1 fxe4 12.Nxe4 Nxe4 13.Qd5+ Qf7 14.Qxe4 Nd4 15.Nxd4 Qxf2+
16.Kh1 Qxd4 17.Qxd4 exd4 18.Bd5+ Kh8 19.Ba3 Rd8 20.Be7 Rxd5 21.cxd5 Bg4 22.Kg2 d3
23.Rad1 Bxd1 24.Rxd1 Re8 25.Bc5 Re2+ 26.Kf3 Rxh2 27.Rxd3 b6 28.Bb4 Rxa2 29.d6 cxd6
30.Rxd6 Be5 31.Rd8+ Kg7 32.Rd7+ Kf6 33.Rxh7 Rb2 34.Be7+ Ke6 35.Bh4 Rxb3+
36.Kg4 a5 37.Rh6 Kf7 38.Rh7+ Ke6 39.Re7+ Kd5 40.Ra7 Ra3 41.Rd7+ Kc6 42.Re7 Kd6
43.Re8 Rb3 44.Rg8 a4 45.Rxg6+ Kd5 46.Rg8 a3 47.Rd8+ Kc6 48.Ra8 Kb7  0-1

[Event "Paris-ch"]
[Site "Paris"]
[Date "1991.??.??"]
[Round "4"]
[White "Verat, Laurent"]
[Black "Spraggett, Kevin"]
[Result "0-1"]
[WhiteElo "2290"]
[BlackElo "2495"]

1.d4 f5 2.g3 Nf6 3.Bg2 g6 4.Nf3 Bg7 5.O-O O-O 6.c4 d6 7.Nc3 Nc6 8.d5 Ne5
9.Nxe5 dxe5 10.e4 f4 11.gxf4 exf4 12.e5 Ng4 13.e6 Ne5 14.Re1 Nxc4 15.Re4 Nd6
16.Rxf4 b6 17.h4 Bb7 18.h5 Rxf4 19.Bxf4 Qf8 20.Bg3 Qf5 21.hxg6 hxg6 22.Qf3 Rc8
23.Rc1 Bf6 24.Qxf5 gxf5 25.Bf4 Kg7 26.a4 a6 27.b3 Kg6 28.Rc2 b5 29.axb5 axb5
30.Na2 Bd4 31.Nb4 Kf6 32.Kf1 Bb6 33.Nc6 Bxc6 34.Rxc6 Ra8 35.Bxd6 exd6 36.Rc2 Ra1+
37.Ke2 Rb1 38.f4 Rxb3 39.Bf1 Ra3 40.Bg2 b4 41.Kd1 b3 42.Rb2 Ra2 43.Rxb3 Rxg2
44.Rh3 Rg4 45.Rf3 Ke7 46.Ke2 Bd4 47.Kd3 Bf6 48.Ke3 c6 49.dxc6 Kxe6 50.Rh3 Rg7  0-1

[Event "Paris-ch"]
[Site "Paris"]
[Date "1991.??.??"]
[Round "7"]
[White "Verat, Laurent"]
[Black "Trommsdorf, Fro"]
[Result "1-0"]
[WhiteElo "2290"]
[BlackElo "2120"]

1.d4 f5 2.g3 g6 3.Bg2 Nf6 4.Nf3 Bg7 5.O-O O-O 6.c4 d6 7.Nc3 Qe8 8.Qb3 Na6
9.d5 Kh8 10.Be3 c5 11.Nb5 h6 12.Ne1 g5 13.f3 Bd7 14.a4 Qh5 15.Nd3 Ne8 16.Rae1 Qg6
17.Bd2 e5 18.dxe6 Bc6 19.Nc3 Qxe6 20.f4 Bd4+ 21.e3 Bf6 22.e4 Ng7 23.e5 dxe5
24.Nxe5 Bxe5 25.Rxe5 Qd7 26.Nd5 Ne6 27.fxg5 Nd4 28.Qe3 Bxd5 29.Bxd5  1-0

[Event "Philadelphia World op"]
[Site "Philadelphia"]
[Date "1991.??.??"]
[Round "4"]
[White "Griego, David W"]
[Black "Salman, Nachum"]
[Result "1-0"]
[WhiteElo "2345"]
[BlackElo "2285"]

1.d4 g6 2.Nf3 Bg7 3.g3 f5 4.Bg2 Nf6 5.O-O O-O 6.c4 d6 7.Nc3 Nc6 8.d5 Ne5
9.Nxe5 dxe5 10.Qb3 Nd7 11.Rd1 Kh8 12.a4 a5 13.Qa3 e4 14.Bg5 Rf7 15.Nb5 Nf6
16.Bf4 Ne8 17.Rac1 Bd7 18.f3 c6 19.Nd4 exf3 20.Bxf3 Qc8 21.Qe3 c5 22.Ne6 Bxe6
23.Qxe6 Kg8 24.b3 Bf6 25.Qxc8 Rxc8 26.d6 Ng7 27.d7 Rd8 28.Bc7 Rff8 29.Bxd8 Rxd8
30.Bxb7 Bd4+ 31.Rxd4 cxd4 32.Bc8 Ne6 33.c5 Kf7 34.c6 Nc7 35.Rc5 Ke6 36.Rxa5 Kd6
37.Bb7 e5 38.b4 e4 39.Rc5 Rf8 40.Rc1 Nd5 41.Rc4 d3 42.exd3 Kc7 43.b5 e3 44.Rd4 f4
45.Rxd5 e2 46.Re5 f3 47.Kf2  1-0

[Event "Porz op26"]
[Site "Porz"]
[Date "1991.??.??"]
[Round "3"]
[White "Lagunow, Alexander"]
[Black "Reinemer, Frank"]
[Result "1-0"]
[WhiteElo "2445"]
[BlackElo "2250"]

1.Nf3 f5 2.g3 Nf6 3.Bg2 g6 4.O-O Bg7 5.d4 O-O 6.c4 d6 7.Nc3 Qe8 8.b3 Na6
9.Ba3 c6 10.Qd3 h6 11.Rfe1 g5 12.Rad1 Qh5 13.e3 Bd7 14.c5 d5 15.Ne5 Nc7 16.b4 a6
17.Bb2 Be6 18.a4 Ne4 19.Ne2 Qe8 20.f3 Nf6 21.Nc3 h5 22.e4 f4 23.gxf4 gxf4
24.Bc1 Bh6 25.Kh1 dxe4 26.Nxe4 Bf5 27.Rg1 Kh8 28.Bh3 Bh7 29.Qe2 Rd8 30.Ng5 Bxg5
31.Rxg5 Ncd5 32.Rdg1 Rg8 33.Rxg8+ Nxg8 34.Be6 Nh6 35.Qg2 Qf8 36.Qg5 Bc2 37.Qxh5 Nf6
38.Qh4 Rxd4 39.Bxf4 Ng4 40.Bxh6 Nxe5 41.Qxd4 Qxf3+ 42.Rg2 Qf1+ 43.Qg1 Qf3
44.Bg7+  1-0

[Event "Salamanca"]
[Site "Salamanca"]
[Date "1991.??.??"]
[Round "6"]
[White "Gomez Esteban, Juan Mario"]
[Black "Sanz Alonso, Francisco Javier"]
[Result "1-0"]
[WhiteElo "2400"]
[BlackElo "2415"]

1.d4 f5 2.g3 Nf6 3.Bg2 g6 4.Nf3 Bg7 5.O-O O-O 6.c4 d6 7.Nc3 Qe8 8.b3 c6 9.Ba3 h6
10.Rc1 Na6 11.Qd3 g5 12.e4 fxe4 13.Nxe4 Qg6 14.Nxf6+ Qxf6 15.Rce1 Bf5 16.Qd2 Bg4
17.Re3 Bxf3 18.Bxf3 Qxd4 19.Qe2 Qf6 20.Be4 Rad8 21.Bb1 e5 22.Qc2 Rf7 23.Qh7+ Kf8
24.Bg6 Re7 25.Rd1 Bh8 26.Bxd6  1-0

[Event "Smolensk"]
[Site "Smolensk"]
[Date "1991.??.??"]
[Round "?"]
[White "Ruban, Vadim"]
[Black "Beshukov, Sergei"]
[Result "1-0"]
[WhiteElo "2570"]
[BlackElo "2305"]

1.d4 f5 2.g3 Nf6 3.Bg2 g6 4.Nf3 Bg7 5.O-O O-O 6.c4 d6 7.Nc3 Qe8 8.d5 e5 9.dxe6 Qxe6
10.Ng5 Qd7 11.Rb1 h6 12.Nh3 g5 13.f4 g4 14.Nf2 Qf7 15.b3 Nc6 16.Bb2 Be6 17.Qd2 Qg6
18.Rbe1 h5 19.e4 h4 20.Nd5 hxg3 21.hxg3 Nh5 22.Re3 Rf7 23.exf5 Bxf5 24.Rfe1 Raf8
25.Ne4 Bxb2 26.Qxb2 Bxe4 27.Bxe4 Qh6 28.b4 Ng7 29.b5 Nd8 30.R3e2 c6 31.Rh2 Nh5
32.Ne3 Ne6 33.Nxg4 Qg7 34.Bh7+ Qxh7 35.Rxe6 Rg7 36.Nh6+  1-0

[Event "Stockerau op-J"]
[Site "Stockerau"]
[Date "1991.??.??"]
[Round "?"]
[White "Dereviagin, Vladislav"]
[Black "Krizsany, Laszlo"]
[Result "1-0"]
[WhiteElo "2260"]
[BlackElo "2335"]

1.d4 f5 2.g3 Nf6 3.Bg2 g6 4.Nf3 Bg7 5.O-O O-O 6.c4 d6 7.Nc3 Qe8 8.d5 Na6
9.Rb1 Bd7 10.b4 c6 11.dxc6 bxc6 12.a3 Qf7 13.Nd2 Ng4 14.Qa4 Bxc3 15.Qxa6 Ne5
16.f4 Ng4 17.Nf3 h6 18.Rb3 Bg7 19.Rd3 Be6 20.Nd2 d5 21.cxd5 cxd5 22.h3 Nf6
23.Bb2 Bc8 24.Qa5 e6 25.Rc1 Bd7 26.Nf3 Qe8 27.Be5 Bb5 28.Rdc3 Bxe2 29.Rc7 Qb5
30.Nd4 Qxa5 31.bxa5 Bd3 32.Nxe6 Rf7 33.Nxg7 Ne4 34.Rxf7 Kxf7 35.Rc7+ Kg8
36.Ne6  1-0

[Event "Stockerau op-J"]
[Site "Stockerau"]
[Date "1991.??.??"]
[Round "?"]
[White "Jirovsky, Pavel"]
[Black "Mann, Gerald"]
[Result "1/2-1/2"]
[WhiteElo "2285"]
[BlackElo "2300"]

1.d4 f5 2.Nf3 Nf6 3.g3 g6 4.Bg2 Bg7 5.O-O O-O 6.c4 d6 7.Nc3 Qe8 8.d5 Na6
9.Nd4 Bd7 10.b3 c6 11.Bb2 Nc7 12.Rc1 c5 13.Nf3 b5 14.cxb5 Nxb5 15.Nxb5 Bxb5
16.Ng5 Bd7 17.Ne6 Bxe6 18.dxe6 Rb8 19.Rc4 Qc8 20.Ra4 Qc7 21.Qd3 Rb4 22.Rxb4 cxb4
23.Rc1 Qa5 24.Bxf6 Bxf6 25.Qc2 Bc3 26.a4 Kg7  1/2-1/2

[Event "Grand Prix Suisse op"]
[Site "SWZ"]
[Date "1991.??.??"]
[Round "6"]
[White "Schwarz, Peter"]
[Black "Kaenel, Hansjuerg"]
[Result "1-0"]
[WhiteElo "2270"]
[BlackElo "2310"]

1.d4 f5 2.Nf3 Nf6 3.g3 g6 4.Bg2 Bg7 5.O-O O-O 6.c4 d6 7.Nc3 Nc6 8.d5 Na5
9.Qd3 c5 10.b3 a6 11.Bd2 Rb8 12.Rac1 Bd7 13.e4 b5 14.exf5 Bxf5 15.Qe2 bxc4
16.bxc4 Rb2 17.h3 Qd7 18.Ra1 Bxh3 19.Nd1 Rxd2 20.Nxd2 Bxg2 21.Kxg2 Nxd5 22.cxd5 Bxa1
23.Qxa6 Qd8 24.Re1 Bd4 25.Nf3 Bf6 26.Re4 c4 27.Ne3 Qa8 28.Qb5 Rc8 29.Qd7 Rc5
30.Ng4 Qf8 31.Nxf6+ exf6 32.Re8 Qxe8 33.Qxe8+ Kg7 34.Qe7+ Kh6 35.Qf8+  1-0

[Event "FIN-ch"]
[Site "Tampere"]
[Date "1991.??.??"]
[Round "3"]
[White "Nokso Koivisto, Antti"]
[Black "Norri, Joose"]
[Result "0-1"]
[WhiteElo "2370"]
[BlackElo "2325"]

1.Nf3 f5 2.g3 Nf6 3.Bg2 g6 4.O-O Bg7 5.d4 O-O 6.c4 d6 7.Nc3 Qe8 8.b3 e5 9.dxe5 dxe5
10.e4 Nc6 11.Ba3 Rf7 12.Re1 f4 13.gxf4 Bg4 14.Qc1 Bxf3 15.Bxf3 Nd4 16.Bg2 Bh6
17.Ne2 Nxe2+ 18.Rxe2 Nh5 19.Qc3 Nxf4 20.Ree1 Rd8 21.Bf1 Qe6 22.Qg3 Rd2 23.Bc1 Rc2
24.c5 Nh5 25.Qh4 Bf8 26.Bc4 Rxc4 27.bxc4 Bxc5 28.Rf1 Nf4 29.Bxf4 Rxf4 30.Qd8+ Kg7
31.Kh1 Qh3 32.f3 Bd4 33.Rad1 Rxf3 34.Qe7+ Kh6 35.Rg1  0-1

[Event "FIN-ch"]
[Site "Tampere"]
[Date "1991.??.??"]
[Round "11"]
[White "Norri, Joose"]
[Black "Yrjola, Jouni"]
[Result "1/2-1/2"]
[WhiteElo "2325"]
[BlackElo "2505"]

1.d4 f5 2.g3 Nf6 3.Bg2 g6 4.Nf3 Bg7 5.O-O O-O 6.c4 d6 7.Nc3 c6 8.d5 Bd7 9.Rb1 Na6
10.b4 Qe8 11.dxc6 bxc6 12.a3 Nc7 13.Bb2 Ne6 14.Qd2 Rd8 15.Rbe1 Ng4 16.Nd1 Ne5
17.Nxe5 dxe5 18.f4 e4 19.Bxg7 Nxg7 20.g4 e5 21.gxf5 Bxf5 22.Qe3 exf4 23.Qxf4 Ne6
24.Qg3 Nd4 25.Ne3 Kh8 26.Kh1 Qe6 27.Rf2 Rd7 28.Ref1 Re8 29.Nxf5 Nxf5 30.Qc3+ Qe5
31.Qxe5+ Rxe5 32.Bh3 Rd2  1/2-1/2

[Event "Torcy op"]
[Site "Torcy"]
[Date "1991.??.??"]
[Round "?"]
[White "Chabanon, Jean Luc"]
[Black "Bandza, Algirdas"]
[Result "1-0"]
[WhiteElo "2480"]
[BlackElo "2405"]

1.d4 g6 2.Nf3 Bg7 3.c4 f5 4.g3 Nf6 5.Bg2 O-O 6.O-O d6 7.Nc3 Na6 8.Rb1 c6
9.b4 Kh8 10.b5 Nc7 11.bxc6 bxc6 12.Ne1 Bd7 13.Nd3 Rc8 14.Rb7 Ne6 15.Nf4 Nxf4
16.Bxf4 Qa5 17.Qd3 Qa6 18.Rfb1 Rfe8 19.Bg5 Be6 20.Qe3 Bf7 21.Rxe7 Ng4 22.Qd2 Rxe7
23.Bxe7 Qxc4 24.e3 Qe6 25.Rb7 Re8 26.Bxd6 Qxd6 27.Rxf7 c5 28.Nb5 Qe6 29.Rxa7 cxd4
30.Nxd4 Qb6 31.Rb7 Qc5 32.Bc6 Rg8 33.Qb4 Qc1+ 34.Kg2 h5 35.Bd5 Re8 36.Ne6 Qc2
37.Qf4 Rxe6 38.Rc7 Rxe3 39.Rxc2  1-0

[Event "Tuzla"]
[Site "Tuzla"]
[Date "1991.??.??"]
[Round "2"]
[White "Panzalovic, Srdjan"]
[Black "Rubene, Ilze"]
[Result "1-0"]
[WhiteElo "2410"]
[BlackElo "2330"]

1.Nf3 f5 2.g3 Nf6 3.Bg2 g6 4.O-O Bg7 5.d4 O-O 6.c4 d6 7.Nc3 Qe8 8.d5 Na6
9.Nd4 Bd7 10.e4 fxe4 11.Nxe4 Nxe4 12.Bxe4 Nc5 13.Bg2 a5 14.Be3 Kh8 15.Re1 Qf7
16.Qd2 a4 17.Rab1 Rab8 18.b4 axb3 19.axb3 e5 20.dxe6 Nxe6 21.Nxe6 Bxe6 22.Bd4 Rfe8
23.Re3 b6 24.Bc6 Bd7 25.Bd5 Qf5 26.Rbe1 Rxe3 27.Qxe3 Rf8 28.Bxg7+ Kxg7 29.Qd4+  1-0

[Event "Tuzla"]
[Site "Tuzla"]
[Date "1991.??.??"]
[Round "11"]
[White "Panzalovic, Srdjan"]
[Black "Titova Boric, Elena"]
[Result "1/2-1/2"]
[WhiteElo "2410"]
[BlackElo "2235"]

1.Nf3 f5 2.g3 g6 3.Bg2 Nf6 4.O-O Bg7 5.d4 O-O 6.c4 d6 7.Nc3 Qe8 8.d5 Na6
9.Nd4 Bd7 10.e4 fxe4 11.Nxe4 Nxe4 12.Bxe4 c6 13.h4 Nc7 14.Qd3 c5 15.Nf3 b5
16.Re1  1/2-1/2

[Event "Vienna op"]
[Site "Vienna"]
[Date "1991.??.??"]
[Round "4"]
[White "Jukic, Mirko"]
[Black "Binham, Timothy F"]
[Result "1-0"]
[WhiteElo "2455"]
[BlackElo "2330"]

1.d4 f5 2.g3 Nf6 3.Bg2 g6 4.Nf3 Bg7 5.O-O O-O 6.c4 d6 7.Nc3 Qe8 8.d5 Na6
9.Rb1 h6 10.Nd4 g5 11.e3 Qg6 12.b4 Bd7 13.a3 Rac8 14.Bd2 Ng4 15.Ncb5 f4 16.exf4 gxf4
17.Bxf4 c6 18.dxc6 bxc6 19.Nxa7 e5 20.Nxc8 Rxc8 21.Nxc6 Rxc6 22.b5 exf4 23.bxc6 Bf5
24.Qd5+ Kh7 25.Rb7 Nc5 26.Qf7 fxg3 27.hxg3 Qxf7 28.Rxf7 Be6 29.c7 Kg6 30.Re7 Bf5
31.Re8 Bd4  1-0

[Event "Werfen op"]
[Site "Werfen"]
[Date "1991.??.??"]
[Round "5"]
[White "Neckar, Lubomir"]
[Black "Dereviagin, Vladislav"]
[Result "1-0"]
[WhiteElo "2345"]
[BlackElo "2265"]

1.Nf3 f5 2.d4 Nf6 3.g3 g6 4.Bg2 Bg7 5.O-O O-O 6.c4 d6 7.d5 Qe8 8.Nc3 Na6
9.Rb1 Bd7 10.b4 c6 11.dxc6 bxc6 12.a3 Qf7 13.c5 Ng4 14.Bb2 Rfd8 15.cxd6 exd6
16.Ng5 Qc4 17.Rc1 Be5 18.b5 h6 19.bxc6 Bxc6 20.Nd5 Qa4 21.Ne7+ Kg7 22.Bxe5+ Nxe5
23.Ne6+ Kf6 24.Nxd8 Qxd1 25.Rfxd1 Bxg2 26.Kxg2 Rxd8 27.Nc6 Rd7 28.Nxe5 Kxe5
29.Rc6 Nb8 30.Rc8 Na6 31.Rf8 Nc5 32.Rb1 d5 33.Rbb8 Ne6 34.Rfe8 Kd6 35.a4 Nc5
36.a5 Nb7 37.Rg8 Nxa5 38.Rxg6+ Kc5 39.Rxh6 Nb7 40.Rf6 Nd6 41.h4 a5 42.Rg8 Kb5
43.h5 a4 44.h6 Nc4 45.Rxf5 a3 46.e4 Kb4 47.Rxd5 Rh7 48.Rd4  1-0

[Event "Wiesbaden op"]
[Site "Wiesbaden"]
[Date "1991.??.??"]
[Round "8"]
[White "Aseev, Konstantin N"]
[Black "Galdunts, Sergey"]
[Result "1/2-1/2"]
[WhiteElo "2515"]
[BlackElo "2470"]

1.d4 f5 2.Nf3 Nf6 3.c4 g6 4.g3 Bg7 5.Bg2 O-O 6.O-O d6 7.Nc3 Qe8 8.b3 h6 9.Ba3 c6
10.Qd3 g5 11.e4 fxe4 12.Nxe4 Qg6 13.Nfd2 Bf5 14.Rad1 Nbd7 15.Rfe1 Kh8 16.Qe2 Rf7
17.Nxf6 Nxf6 18.Nf1 Raf8 19.Ne3 Bd7 20.Rf1 h5 21.d5 c5 22.Bb2 h4 23.Qd3 Qh5
24.f3 hxg3 25.hxg3 Kg8 26.Rf2 Qh6 27.Bh1 Nh5 28.Bxg7 Qxg7 29.Nf1 Bh3 30.Bg2 Bf5
31.Qd2 a6 32.Re2 Bd7 33.Rde1 b5 34.Qb2 Qxb2 35.Rxb2 Rb8 36.Ree2 Ng7 37.Kf2 Nf5
38.Bh3 Rbf8 39.Kg2 Bc8 40.Re4 Nd4 41.Bxc8 Rxc8 42.Rf2 bxc4 43.bxc4 Rb8 44.Re3 Rb1
45.Ra3 Rc1 46.Ne3 Rf8 47.Rf1 Rxf1 48.Nxf1 Rb8 49.Ne3 Kf7 50.Rxa6 Rb2+ 51.Kh3 Nxf3
52.Kg4 Rf2 53.Ra8 Nd4 54.Kxg5 Rf3 55.Ng4 Rxg3 56.a4 Ra3 57.a5 Nf3+ 58.Kf4 Nd2
59.Nh6+ Kg6 60.Ng8 Kf7 61.Nh6+ Kg6  1/2-1/2

[Event "Hoogovens-B"]
[Site "Wijk aan Zee"]
[Date "1991.??.??"]
[Round "3"]
[White "Cifuentes Parada, Roberto"]
[Black "Barbero, Gerardo F"]
[Result "1-0"]
[WhiteElo "2510"]
[BlackElo "2495"]

1.c4 f5 2.d4 Nf6 3.g3 g6 4.Bg2 Bg7 5.Nf3 O-O 6.O-O d6 7.b3 Qe8 8.Bb2 h6 9.Nbd2 g5
10.Qc2 Qg6 11.Rfe1 c6 12.Rac1 Na6 13.Bc3 Nc7 14.a4 Bd7 15.b4 a6 16.a5 Kh7
17.Bb2 Rac8 18.Nf1 Rf7 19.N3d2 Rcf8 20.Rcd1 Kh8 21.Nb1 h5 22.Nc3 h4 23.Na4 Qh5
24.Nb6 Be8 25.e3 f4 26.Qe2 f3 27.Bxf3 g4 28.Bg2 Nh7 29.d5 Ng5 30.Bxg7+ Rxg7
31.Rd4 Nf3+ 32.Bxf3 gxf3 33.Qd3 Bg6 34.Qc3 hxg3 35.hxg3 Be4 36.Rxe4 Rf6 37.Nd2 Rh6
38.Rh4 Qg5 39.Nxf3  1-0

[Event "Altensteig"]
[Site "Altensteig"]
[Date "1992.??.??"]
[Round "5"]
[White "Stangl, Markus"]
[Black "Kindermann, Stefan"]
[Result "1/2-1/2"]
[WhiteElo "2475"]
[BlackElo "2505"]

1.Nf3 f5 2.g3 Nf6 3.Bg2 g6 4.d4 Bg7 5.O-O O-O 6.c4 d6 7.Nc3 Qe8 8.d5 Na6
9.Rb1 Bd7 10.b4 c6 11.dxc6 bxc6 12.a3 Nc7 13.Bb2 Ne6 14.Qd3 Rd8 15.e3 Bc8
16.Rfd1 g5 17.Qxf5 Qh5 18.Qc2 g4 19.Nh4 Ng5 20.Bxc6 Nh3+ 21.Kh1 Nd7 22.Bd5+ Kh8
23.Rf1 Ne5 24.Ne2 e6 25.Bg2 Nxf2+ 26.Kg1 Nh3+ 27.Bxh3 gxh3 28.Nf4 Qh6 29.Bxe5 dxe5
30.Nfg6+ hxg6 31.Nxg6+ Kg8 32.Ne7+ Kh8 33.Ng6+ Kg8 34.Ne7+  1/2-1/2

[Event "Altensteig"]
[Site "Altensteig"]
[Date "1992.??.??"]
[Round "10"]
[White "Sadler, Matthew"]
[Black "Kindermann, Stefan"]
[Result "1-0"]
[WhiteElo "2515"]
[BlackElo "2505"]

1.d4 f5 2.Nf3 Nf6 3.g3 g6 4.Bg2 Bg7 5.c4 O-O 6.O-O d6 7.b3 Qe8 8.Bb2 h6 9.Nbd2 g5
10.Qc2 Qh5 11.e3 c6 12.b4 Qf7 13.a4 Na6 14.Bc3 Nc7 15.b5 Bd7 16.Rab1 Ne6
17.bxc6 bxc6 18.c5 Nc7 19.Bb4 Ncd5 20.cxd6 Nxb4 21.Rxb4 exd6 22.Rb7 Qe6 23.Qc4 Nd5
24.Rfb1 Rfc8 25.Ne1 a5 26.Nd3 Kh8 27.Qb3 Rf8 28.Rc1 Rfc8 29.Nc4 f4 30.exf4 Nb4
31.Re1 Qf7 32.Nxb4 axb4 33.Qxb4 c5 34.Nxd6  1-0

[Event "Simferopol/Alushta"]
[Site "Alushta"]
[Date "1992.??.??"]
[Round "?"]
[White "Fominyh, Alexander"]
[Black "Yilmaz, Turham"]
[Result "1-0"]
[WhiteElo "2530"]
[BlackElo "2385"]

1.d4 f5 2.g3 Nf6 3.Bg2 g6 4.c4 Bg7 5.Nf3 O-O 6.O-O d6 7.Nc3 c6 8.d5 e5 9.dxe6 Bxe6
10.b3 Na6 11.Bb2 Qe7 12.Ng5 Bd7 13.Qd2 Rad8 14.Rad1 Bc8 15.Na4 h6 16.Nf3 Ne4
17.Qc1 g5 18.e3 Qf7 19.Bxg7 Qxg7 20.Nd4 Rde8 21.Ne2 Nac5 22.Nb2 a5 23.Rfe1 h5
24.Nd3 Re7 25.Qc2 Rfe8 26.a3 Qh6 27.b4 axb4 28.axb4 Nxd3 29.Qxd3 h4 30.f3 hxg3
31.hxg3 Rh7 32.fxe4 fxe4 33.Qxd6 Qh2+ 34.Kf2 Bh3 35.Qg6+ Kf8 36.Rg1 Rf7+
37.Nf4 gxf4 38.Qh6+ Kg8 39.gxf4 Rh7 40.Qg6+ Kf8 41.Rh1  1-0

[Event "Alushta"]
[Site "Alushta"]
[Date "1992.??.??"]
[Round "9"]
[White "Naumkin, Igor"]
[Black "Yilmaz, Turham"]
[Result "1/2-1/2"]
[WhiteElo "2430"]
[BlackElo "2385"]

1.d4 f5 2.c4 Nf6 3.Nf3 g6 4.g3 Bg7 5.Bg2 O-O 6.O-O d6 7.Nc3 c6 8.d5 e5 9.dxe6 Bxe6
10.Qd3 Na6 11.Ng5 Qe7 12.Nxe6 Qxe6  1/2-1/2

[Event "Akropolis op"]
[Site "Athens"]
[Date "1992.??.??"]
[Round "5"]
[White "Georgandzis, Konstantinos"]
[Black "Giaidzi, Aspasia"]
[Result "1/2-1/2"]
[WhiteElo "2305"]
[BlackElo "2060"]

1.Nf3 f5 2.g3 g6 3.Bg2 Bg7 4.d4 Nf6 5.c4 O-O 6.O-O d6 7.Nc3 Qe8 8.b3 c6 9.Bb2 Na6
10.Ba3 Bd7 11.Qd3 Rb8 12.e4 fxe4 13.Nxe4 Nxe4 14.Qxe4 Bf5 15.Qe3 Qd7 16.Rfe1 Bg4
17.h3 Bxf3 18.Bxf3 Rxf3 19.Qxf3 Bxd4 20.Qe4 Bxa1 21.Rxa1 Rf8 22.g4 Nc5 23.Qe3 Ne6
24.Re1 Nf4 25.Kh2 e6 26.Rd1 c5 27.Qxc5 dxc5 28.Rxd7 b6 29.Bb2 Rf7 30.Rd8+ Rf8
31.Rxf8+ Kxf8 32.Be5 Nd3 33.Bb8 a6 34.Ba7 b5 35.cxb5 axb5 36.a4 bxa4 37.bxa4 Ke7
38.Kg3 Kd6 39.Kf3 Kc6 40.Ke3 Nb2 41.a5 Nc4+ 42.Kf4 Nxa5 43.Kg5 Nb3 44.Kh6 Kb7
45.Bxc5 Nxc5 46.Kxh7 Ne4 47.Kxg6 Nxf2  1/2-1/2

[Event "Auckland"]
[Site "Auckland"]
[Date "1992.??.??"]
[Round "4"]
[White "Metge, J Nigel"]
[Black "Garbett, Paul Anthony"]
[Result "0-1"]
[WhiteElo "2235"]
[BlackElo "2305"]

1.d4 f5 2.g3 Nf6 3.Bg2 g6 4.Nf3 Bg7 5.O-O O-O 6.c4 d6 7.d5 c6 8.Nc3 e5 9.dxe6 Bxe6
10.Bf4 Bxc4 11.Bxd6 Re8 12.Qd2 Nd5 13.Nxd5 Qxd6 14.Nb6 Qxd2 15.Nxd2 axb6
16.Nxc4 b5 17.Nd6 Re7 18.Rad1 Rxa2 19.Ra1 Rxa1 20.Rxa1 Be5 21.Nc8 Re8 22.Nb6 Rd8
23.Ra7 Na6 24.Rxb7 Nc5 25.Ra7 Rd1+ 26.Bf1 Ne4 27.Kg2 Bd4 28.Rd7 Rxf1 29.Kxf1 Bxb6
30.e3 Ba5 31.Ke2 Bb4 32.f3 Nd6 33.Kd3 Nc4 34.Rd8+ Kf7 35.Rd7+ Ke6 36.Rxh7 Nxb2+
37.Kc2 Nc4 38.e4 fxe4 39.fxe4 Be7 40.h4 Bd6 41.Rh6 Kf7 42.h5 gxh5 43.e5 Bxe5
44.Rxc6 Bxg3 45.Rc5 h4 46.Rxb5 Na3+  0-1

[Event "AUT-chT"]
[Site "AUT"]
[Date "1992.??.??"]
[Round "?"]
[White "Stohl, Igor"]
[Black "Schroll, Gerhard"]
[Result "1-0"]
[WhiteElo "2560"]
[BlackElo "2440"]

1.d4 f5 2.g3 Nf6 3.Bg2 g6 4.Nf3 Bg7 5.O-O O-O 6.c4 d6 7.Nc3 Qe8 8.d5 Na6
9.Rb1 Bd7 10.b4 c6 11.dxc6 bxc6 12.a3 Nc7 13.Bb2 a5 14.b5 Rb8 15.a4 Ne6 16.Nd2 Nc5
17.Ba3 Ng4 18.Qc2 Bxc3 19.Qxc3 Nxa4 20.Qxa5 cxb5 21.cxb5 Bxb5 22.Rfc1 Bd7
23.Rxb8 Qxb8 24.Rc7 Qd8 25.Qa7 Nf6 26.e4 Re8 27.exf5 gxf5 28.Nb3 Kf7 29.Nd4 Nc5
30.Bxc5 dxc5 31.Qxc5 Kg6 32.Bh3 e6 33.Nf3 Qe7 34.Ne5+ Kg7 35.Nxd7 Nxd7 36.Qd4+  1-0

[Event "AUT-chT"]
[Site "AUT"]
[Date "1992.??.??"]
[Round "?"]
[White "Nagl, Franz"]
[Black "Brandl, Rudolf"]
[Result "1/2-1/2"]
[WhiteElo "2235"]
[BlackElo "2240"]

1.d4 f5 2.g3 Nf6 3.Bg2 g6 4.Nf3 Bg7 5.O-O O-O 6.c4 d6 7.Nc3 Qe8 8.d5 Na6
9.Be3 c6 10.Rc1 h6 11.Qd2 Kh7 12.Ne1 Bd7 13.f3 Qf7 14.Bf2 Nc7 15.e4 fxe4
16.fxe4 g5 17.Bd4 Qh5 18.Nf3 c5  1/2-1/2

[Event "AUT-chT"]
[Site "AUT"]
[Date "1992.??.??"]
[Round "?"]
[White "Beck, Gerald"]
[Black "Moser, Guenter"]
[Result "1/2-1/2"]
[WhiteElo "2260"]
[BlackElo "2255"]

1.d4 f5 2.Nf3 Nf6 3.g3 g6 4.Bg2 Bg7 5.O-O O-O 6.c4 d6 7.Nc3 Nc6 8.b3 e5 9.dxe5 dxe5
10.Ba3 Re8 11.e4 Nd4 12.exf5 gxf5 13.Nxd4 exd4 14.Nd5 Ne4 15.Re1 Be6 16.Nf4 Bf7
17.Qd3 c6 18.Bh3 Qg5 19.Bc1 Nc5 20.Rxe8+ Rxe8 21.Qd1 Qe7 22.Ba3 Qe5 23.Bxc5 Qxc5
24.Nd3 Qa5 25.b4 Qd8 26.Qc2 Qf6 27.Rd1 Bh5 28.Re1 Rxe1+ 29.Nxe1 Qe6 30.Nd3 Qe4
31.Bg2 Qe2 32.Qxe2 Bxe2 33.Bf1 Bf3 34.Bg2  1/2-1/2

[Event "Baden-Baden"]
[Site "Baden-Baden"]
[Date "1992.??.??"]
[Round "8"]
[White "Hertneck, Gerald"]
[Black "Lutz, Christopher"]
[Result "1/2-1/2"]
[WhiteElo "2560"]
[BlackElo "2550"]

1.d4 f5 2.Nf3 Nf6 3.c4 g6 4.g3 Bg7 5.Bg2 O-O 6.O-O d6 7.Nc3 Qe8 8.d5 Na6
9.Rb1 Bd7 10.b4 c6 11.dxc6 Bxc6 12.b5 Bxf3 13.Bxf3 Nc5 14.Be3 Rc8 15.Na4 Nce4
16.Qb3 Qf7 17.b6 a6 18.Rfc1 Rc6 19.c5 d5 20.Nb2 Nd7 21.Rd1 e6 22.Bxe4 fxe4
23.Na4 Rfc8 24.Rbc1 Bf8 25.Rc2 Be7 26.Kg2 Bd8 27.Rc3 Bf6 28.Rc2 Ne5 29.f3 exf3+
30.exf3 Nc4 31.Bg1 Rf8 32.f4 Bg7 33.Qd3 Rcc8 34.Re2 g5 35.f5 exf5 36.Qxd5 Qxd5+
37.Rxd5 Rcd8 38.Rxd8 Rxd8 39.c6 bxc6 40.Rc2 Na5 41.Nc5 g4 42.Nxa6 Rd1 43.Nb8 Kf7
44.Bf2 Bd4 45.a3 Bxf2 46.Kxf2 Rd3 47.Na6 Rxa3 48.Nc5 h5 49.b7 Nxb7 50.Nxb7 h4
51.gxh4 Kg6 52.Nd6 f4 53.Ne4 Kh5 54.Rxc6 g3+ 55.Nxg3+ fxg3+ 56.hxg3 Rxg3
57.Kxg3  1/2-1/2

[Event "Bankia tt"]
[Site "Bankia"]
[Date "1992.??.??"]
[Round "2"]
[White "Tiberkov, Ivan"]
[Black "Lukov, Valentin"]
[Result "0-1"]
[WhiteElo "2290"]
[BlackElo "2425"]

1.Nf3 f5 2.d4 Nf6 3.c4 g6 4.g3 Bg7 5.Bg2 O-O 6.O-O d6 7.Nc3 Qe8 8.d5 Na6
9.Nd4 Bd7 10.Rb1 Nc5 11.b4 Nce4 12.Nxe4 Nxe4 13.Bb2 e5 14.dxe6 Bxe6 15.Nxe6 Qxe6
16.Bxg7 Kxg7 17.Qd4+ Qf6 18.Qxf6+ Rxf6 19.Rfc1 Re8 20.e3 Re7 21.c5 dxc5 22.bxc5 Ra6
23.Rc2 b6 24.Bxe4 fxe4 25.Rb4 Ra3 26.cxb6 axb6 27.h4 Ra6 28.a4 c5 29.Rbc4 Kf6
30.Rd2 Ke5 31.Rd8 Raa7 32.Rb8 Kd5 33.Rc2 Reb7 34.Rd8+ Rd7 35.Rb8 Rab7 36.Rc8 Rbc7
37.Rb8 Rc6 38.Rd2+ Ke6 39.Rb2 Rdd6 40.Re8+ Kd5 41.Rd2+ Kc4 42.Rxe4+ Kb3  0-1